|
|
|
|
| LEADER |
01277cam a2200325 7i4500 |
| 001 |
0000072454 |
| 005 |
20241115090000.0 |
| 008 |
241113t2023 my a g 1 eng## |
| 020 |
# |
# |
|a 9770128332000
|
| 022 |
# |
# |
|a 0128-3324
|
| 040 |
# |
# |
|a SRWK
|
| 082 |
0 |
4 |
|a 658.05
|
| 090 |
0 |
0 |
|a INT 658.05
|b INT
|
| 245 |
0 |
0 |
|a INTAN MANAGEMENT JOURNAL /
|c Editor-in-Chief Datuk Dr.Alauddin Sidal ; Editor Puan Salinah Ismail ; Reviewers Dr. Ahmad Badruddin Abdullah, Dr. Bathmavathy Dalayga, Dr. Katherine Anne Francis , Dr. Mohd Desa Hassim, Dr. Mohd Yusri Jusoh.
|
| 264 |
# |
1 |
|a Kuala Lumpur
|b National Institute of Public Administration (INTAN)
|c [2023]
|
| 264 |
# |
4 |
|c ??A♭2023
|
| 300 |
# |
# |
|a vi,318 pages:
|b illustrations, photo;
|c 25 cm.
|
| 336 |
# |
# |
|a text
|2 rdacontent
|
| 337 |
# |
# |
|a unmediated
|2 rdamedia
|
| 338 |
# |
# |
|a volume
|2 rdacarrier
|
| 500 |
# |
# |
|a Vol. 19, No. 1, 2023
|
| 504 |
# |
# |
|a Includes bibliographical references
|
| 599 |
# |
# |
|a LULUS
|
| 650 |
# |
0 |
|a Work ethic --
|z Malaysia
|
| 650 |
# |
0 |
|a Public administration --
|z Malaysia
|
| 997 |
# |
# |
|a SRWK
|
| 998 |
# |
# |
|a 7000001734 7000001736 7000001737
|
| 999 |
|
|
|a 7000001734
|b BOOK
|c Main Non-Fiction
|e INTAN Sarawak
|
| 999 |
|
|
|a 7000001736
|b BOOK
|c Main Non-Fiction
|e INTAN Sarawak
|
| 999 |
|
|
|a 7000001737
|b BOOK
|c Main Non-Fiction
|e INTAN Sarawak
|